| 000 | 00387nam a22001697a 4500 | ||
|---|---|---|---|
| 003 | CEME | ||
| 005 | 20210628210112.0 | ||
| 008 | 210211b xxu||||| |||| 00| 0 eng d | ||
| 020 | _a1-56091-739-3 | ||
| 040 | _c. | ||
| 082 | _a629.2549 CHO | ||
| 100 |
_aChowanietz, Eric _978133 |
||
| 245 | _aAutmobile electronics | ||
| 260 |
_aUSA _bSAE _c1995 |
||
| 300 | _a246P | ||
| 942 |
_cBK _2ddc |
||
| 999 |
_c583294 _d583294 |
||